Europäische Geschichte nach Buchstaben - H - Statistiken

Allgemein
  • Dieses Quiz wurde 56 mal gespielt
  • Das Durchschnittsergebnis liegt bei 12 aus 20
Antwortstatistiken
Hinweis Antwort % Korrekt
Dieser Diktator regierte Deutschland von 1933-1945, löste den 2. Weltkrieg aus und ließ Millionen Menschen ermorden Adolf Hitler
98%
Deutscher Generalfeldmarschall im Ersten Weltkrieg und Reichspräsident von 1925 bis 1934, Namensgeber eines bekannten Zepellins Paul von Hindenburg
94%
Deutschsprachiges Handels- und Städtenetzwerk des Spätmittelalters und der Frühen Neuzeit mit Kontoren in London, Nowgorod, Bergen und Brügge Hanse
90%
Bedeutender Altgriechischer Schriftsteller der Illias und der Odyssee Homer
90%
Adelshaus welches ein Reich aus dem Erzherzogtum von Österreich, dem Herzogtum von Burgund und Königreichen von Böhmen, Ungarn und Spanien bauen konnte Habsburg
84%
Bezeichnung für französische Protestanten, von denen viele auf Grund von Verfolgung nach Deutschland flohen Hugenotten
84%
Spätantikes Reitervolk, welches unter ihrem König Atilla Tributzahlung vom Römischen Reich erpressten Hunnen
84%
DDR-Regierungschef von 1971 bis 1989 Erich Honecker
82%
Römische Grenzbefestigung etwa zwischen England und Schottland Hadrianswall
76%
Bezeichnung für leichte Kavallerie-Einheiten, die im 15. Jahrhundert in Ungarn aufkamen und bis zum Ersten Weltkrieg eingesetzt wurden Husaren
61%
Diese Adelsfamilie stellte die Kurfürsten von Brandenburg, Könige von Preußen und Kaiser von Deutschland Hohenzollern
53%
Anti-Kommunistischer Aktivist, Anführer der Samtenen Revolution und Tschechischer Staatspräsident 1993-2003 Vaclav Havel
49%
Dieser griechische Schriftsteller gilt als Vater der Geschichtsschreibung Herodot
39%
Konflikt um den Französischen Thron im 14. und 15. Jahrhundert zwischen den Königen von Frankreich und England Hundertjähriger Krieg
37%
Denkrichtung der Renaissance, die sich stärker an der klassischen Antike orientierte und teilweise von christlicher Dogmatik emanzipierte (Petrarca, Boccaccio, Erasmus) Humanismus
35%
Mitteleuropäische Eisenzeitkultur (800-450 v.Chr.), die nach einer österreichischen Salzbergwerk-Gemeinde benannt ist Hallstattkultur
24%
Portugiesischer Prinz, der die Expeditionsfahrten um Afrika förderte Heinrich der Seefahrer
24%
Vorreformatorische Bewegung des 15. Jahrhunderts in Böhmen, welche durch innovative Militärtaktiken sich erfolgreich gegen Kreuzzüge wehren konnte Hussiten
24%
Kommunistischer Diktator Albaniens, welcher sich mit der Sowjetunion überwarf und für sein umfangreiches Bunkerbauprogramm bekannt ist Enver Hoxha
22%
Bezeichnung für die persönliche Leibwache skandinavischer Adliger der Wikingerzeit, die auch in Schlacht von Hastings eingesetzt wurden Huskarle
10%
Keine übereinstimmenden Quizze gefunden
Verteilung der Resultate
Anzahl Personen mit jedem Resultat
Perzentil nach korrekt beantworteten Fragen
Ihre Resultats-Entwicklung
Sie haben dieses Quiz noch nicht gespielt